Nuevo paso hacia la unidad (Registro nro. 175644)
[ vista simple ]
| 000 -LEADER | |
|---|---|
| campo de control de longitud fija | 01137nam a2200265 i 4500 |
| 001 - NÚMERO DE CONTROL | |
| campo de control | 175644 |
| 003 - IDENTIFICADOR DE NÚMERO DE CONTROL | |
| campo de control | ES-MaACL |
| 005 - FECHA Y HORA DE LA ÚLTIMA TRANSACCIÓN | |
| campo de control | 20250808001334.0 |
| 007 - CAMPO FIJO DE DESCRIPCIÓN FÍSICA--INFORMACIÓN GENERAL | |
| campo de control de longitud fija | t| |
| 008 - DATOS DE LONGITUD FIJA--INFORMACIÓN GENERAL | |
| campo de control de longitud fija | 101115s1980 sp f r ||||1| spa d |
| 020 ## - NÚMERO INTERNACIONAL ESTÁNDAR DEL LIBRO | |
| Número Internacional Estándar del Libro | 84-220-0942-0 |
| 080 ## - NÚMERO DE LA CLASIFICACIÓN DECIMAL UNIVERSAL | |
| Número de la Clasificación Decimal Universal | 27 Juan Pablo II, Papa |
| 080 ## - NÚMERO DE LA CLASIFICACIÓN DECIMAL UNIVERSAL | |
| Número de la Clasificación Decimal Universal | 27-675 |
| 100 0# - ENTRADA PRINCIPAL--NOMBRE DE PERSONA | |
| Nombre de persona | Juan Pablo |
| Numeración | II |
| Títulos y otros términos asociados al nombre | Papa, Santo. |
| 9 (RLIN) | 162513 |
| 245 10 - MENCIÓN DEL TÍTULO | |
| Título | Nuevo paso hacia la unidad |
| Resto del título | : Ankara-Estambul-Efeso-Esmirna / |
| Mención de responsabilidad, etc. | Juan Pablo II ; [textos preparados en la edición en lengua española de L'Osservatore Romano]. |
| 260 ## - PUBLICACIÓN, DISTRIBUCIÓN, ETC. | |
| Lugar de publicación, distribución, etc. | Cittá del Vaticano : |
| Nombre del editor, distribuidor, etc. | Libreria Editrice Vaticana ; |
| Lugar de publicación, distribución, etc. | Madrid : |
| Nombre del editor, distribuidor, etc. | La Editorial Católica, |
| Fecha de publicación, distribución, etc. | 1980. |
| 300 ## - DESCRIPCIÓN FÍSICA | |
| Extensión | XXIX, 144, [12] p. de lám. col. ; |
| Dimensiones | 18 cm. |
| 490 1# - MENCIÓN DE SERIE | |
| Mención de serie | Biblioteca de autores cristianos. Serie Minor ; |
| Designación de volumen o secuencia | 60 |
| 500 ## - NOTA GENERAL | |
| Nota general | Los textos oficiales de los discursos del Papa en su lengua original se publican en Acta Apostolicae Sedis. |
| 600 04 - PUNTO DE ACCESO ADICIONAL DE MATERIA--NOMBRE DE PERSONA | |
| Nombre de persona | Juan Pablo |
| Numeración | II |
| Títulos y otros términos asociados al nombre | Papa- |
| Subdivisión general | Sermones. |
| 9 (RLIN) | 143913 |
| 650 04 - PUNTO DE ACCESO ADICIONAL DE MATERIA--TÉRMINO DE MATERIA | |
| Término de materia o nombre geográfico como elemento de entrada | Ecumenismo. |
| 9 (RLIN) | 12045 |
| 830 00 - PUNTO DE ACCESO ADICIONAL DE SERIE-TÍTULO UNIFORME | |
| Título uniforme | Biblioteca de autores cristianos. |
| Nombre de parte o sección de la obra | Minor |
| Designación de volumen o secuencia | 60 |
| 9 (RLIN) | 189814 |
| 852 ## - LOCALIZACIÓN | |
| Ubicación | ES-MaACL |
| Número de control de estantería | E-13518 |
| Encuadernación | Olim P-1255 |
| Estatus retirado | Estado de pérdida | Estado de daño | No para préstamo | Biblioteca de origen | Biblioteca actual | Ubicación en estantería | Fecha de adquisición | Fuente de adquisición | Total de préstamos | Signatura topográfica completa | Código de barras | Visto por última vez | Precio de reemplazo | Tipo de ítem Koha |
|---|---|---|---|---|---|---|---|---|---|---|---|---|---|---|
| Biblioteca del Ateneo de Madrid | Biblioteca del Ateneo de Madrid | Depósito 2 | 15/11/2010 | E-13518 | 1184440 | 23/02/2023 | 23/02/2023 | Libro impreso |
